Amiens en images - Statistiques

Statistiques générales
  • Ce quiz a été pris 309 fois
  • Le résultat moyen est 15 sur 20
Statistiques - réponses
Par images Réponse % Correct
Cathédrale Notre-Dame
100%
Cirque Jules Verne
91%
Gare du Nord
90%
Stade de la Licorne
90%
Tour Perret
90%
Hôtel de Ville
87%
Beffroi
83%
Zénith
81%
Coliseum
80%
Quartier Saint-Leu
80%
Maison Jules Verne
78%
Les Hortillonnages
77%
Citadelle
70%
Maison de la Culture
69%
Parc Saint-Pierre
69%
Rue des 3 Cailloux
65%
Parc de la Hotoie
64%
Musée de Picardie
59%
Zoo
57%
Jardin des Plantes
54%
Aucun quiz correspondant
Distribution des résultats
% des personnes avec chaque résultat
Percentile par nombre de réponses
Votre historique - résultats
Vous n’avez pas pris ce quiz